| 000 | 00597nam a22001697a 4500 | ||
|---|---|---|---|
| 082 |
_a891.439 _bNAY |
||
| 100 | _aNayyar, Nasir Abbas | ||
| 245 |
_aLisaniyat aur Tanqeed / _cNasir Abbas Nayyar. |
||
| 250 | _a2nd Ed. | ||
| 260 |
_aIslamabad: _bPoorab Academy (Purab Academy), _c2014. |
||
| 300 |
_a320 pages; _c21.5 cm. |
||
| 563 | _aHB | ||
| 880 |
_6100-01\(3\r _aناصر عباس نیر |
||
| 880 |
_6245-02\(3\r _aلسانیات اور تنقید / _bناصر عباس نیر |
||
| 880 |
_6260-03\(3\r _aاسلام آباد: _bپوراب اکیڈمی, _c2014. |
||
| 942 |
_2ddc _cBK |
||
| 999 |
_c614210 _d614210 |
||